Capitals and Largest Cities of China by Province - Statistics

General Stats
  • This quiz has been taken 55 times
    25 since last reset
  • The average score is 57 of 99
Answer Stats
Hint Answer Type Answer % Correct
Guangdong Largest by economy Shenzhen
100%
Guangdong Capital Guangzhou
95%
Guangdong Largest by population Guangzhou
95%
Fujian Capital Fuzhou
89%
Fujian Largest by economy Fuzhou
89%
Heilongjiang Capital Harbin
84%
Heilongjiang Largest by population Harbin
84%
Heilongjiang Largest by economy Harbin
84%
Anhui Capital Hefei
84%
Anhui Largest by population Hefei
84%
Anhui Largest by economy Hefei
84%
Inner Mongolia Capital Hohhot
84%
Guangxi Capital Nanning
84%
Guangxi Largest by population Nanning
84%
Guangxi Largest by economy Nanning
84%
Hunan Capital Changsha
79%
Hunan Largest by population Changsha
79%
Hunan Largest by economy Changsha
79%
Tibet Capital Lhasa
79%
Tibet Largest by population Lhasa
79%
Tibet Largest by economy Lhasa
79%
Liaoning Capital Shenyang
79%
Liaoning Largest by population Shenyang
79%
Hubei Capital Wuhan
79%
Hubei Largest by population Wuhan
79%
Hubei Largest by economy Wuhan
79%
Jilin Capital Changchun
74%
Jilin Largest by population Changchun
74%
Jilin Largest by economy Changchun
74%
Liaoning Largest by economy Dalian
74%
Guizhou Capital Guiyang
74%
Guizhou Largest by economy Guiyang
74%
Hainan Capital Haikou
74%
Hainan Largest by population Haikou
74%
Hainan Largest by economy Haikou
74%
Yunnan Capital Kunming
74%
Yunnan Largest by population Kunming
74%
Yunnan Largest by economy Kunming
74%
Jiangxi Capital Nanchang
74%
Jiangxi Largest by economy Nanchang
74%
Jiangsu Capital Nanjing
74%
Fujian Largest by population Quanzhou
74%
Hebei Capital Shijiazhuang
74%
Shaanxi Capital Xi'an
74%
Shaanxi Largest by population Xi'an
74%
Shaanxi Largest by economy Xi'an
74%
Sichuan Capital Chengdu
68%
Sichuan Largest by population Chengdu
68%
Sichuan Largest by economy Chengdu
68%
Zhejiang Capital Hangzhou
68%
Zhejiang Largest by population Hangzhou
68%
Zhejiang Largest by economy Hangzhou
68%
Shandong Capital Jinan
68%
Shandong Largest by economy Qingdao
68%
Xinjiang Capital Ürümqi
68%
Xinjiang Largest by economy Ürümqi
68%
Henan Capital Zhengzhou
68%
Henan Largest by population Zhengzhou
68%
Henan Largest by economy Zhengzhou
68%
Gansu Capital Lanzhou
63%
Gansu Largest by population Lanzhou
63%
Gansu Largest by economy Lanzhou
63%
Shanxi Capital Taiyuan
63%
Shanxi Largest by population Taiyuan
63%
Shanxi Largest by economy Taiyuan
63%
Jiangsu Largest by population Suzhou
58%
Jiangsu Largest by economy Suzhou
58%
Qinghai Capital Xining
58%
Qinghai Largest by population Xining
58%
Qinghai Largest by economy Xining
58%
Ningxia Capital Yinchuan
53%
Ningxia Largest by population Yinchuan
53%
Ningxia Largest by economy Yinchuan
53%
Hebei Largest by population Baoding
32%
Shandong Largest by population Linyi
32%
Hebei Largest by economy Tangshan
26%
Beijing Largest by population Chaoyang
21%
Jiangxi Largest by population Ganzhou
21%
Xinjiang Largest by population Kashgar
21%
Inner Mongolia Largest by economy Ordos
21%
Shanghai Largest by population Pudong
21%
Shanghai Largest by economy Pudong
21%
Shanghai Capital Huangpu
16%
Chongqing Largest by population Liangjiang
16%
Chongqing Largest by economy Liangjiang
16%
Guizhou Largest by population Bijie
11%
Tianjin Largest by population Binhai
11%
Tianjin Largest by economy Binhai
11%
Hong Kong SAR Capital Central And Western
11%
Hong Kong SAR Largest by economy Central And Western
11%
Inner Mongolia Largest by population Chifeng
11%
Macau SAR Capital
11%
Macau SAR Largest by economy
11%
Hong Kong SAR Largest by population Sha Tin
11%
Beijing Largest by economy Haidian
5%
Macau SAR Largest by population Nossa Senhora de Fátima
5%
Beijing Capital Tongzhou
5%
Chongqing Capital Yuzhong
5%
Tianjin Capital Hexi
0%
No matching quizzes found
Score Distribution
Percent of People with Each Score
Percentile by Number Answered
Your Score History
You have not taken this quiz since the last reset